Statistics for Teams That Qualified for the Champions League Round of 16

Click here to take the quiz!

General Stats

  • This quiz has been taken 54 times
  • The average score is 13 of 16

Answer Stats

HintTeam% Correct
Group E WinnerBarcelona
100%
Group D 2nd placeJuventus
97%
Group A WinnerReal Madrid
97%
Group F 2nd placeArsenal
94%
Group F WinnerBayern Munich
94%
Group G WinnerChelsea
94%
Group D WinnerManchester City
94%
Group A 2nd placeParis Saint-Germain
90%
Group C WinnerAtletico Madrid
84%
Group E 2nd placeRoma
84%
Group C 2nd placeBenfica
74%
Group H WinnerZenit St Petersburg
74%
Group B 2nd placePSV Eindhoven
71%
Group B WinnerWolfsburg
71%
Group G 2nd placeDynamo Kiev
58%
Group H 2nd placeGent
55%

Score Distribution

Percentile by Number Answered

Percent of People with Each Score

Your Score History

You have not taken this quiz